Organs of the Human Body - Map Quiz - Statistics

General Stats
  • This quiz has been taken 799 times
    783 since last reset
  • The average score is 9 of 12
Answers on the Map
Answers color-coded by a green-red scale on the quiz's map according to % correct below.
 
Answer Stats
Answer % Correct
Brain
89%
Lungs
86%
Large Intestine
79%
Heart
75%
Small Intestine
75%
Bladder
73%
Stomach
73%
Liver
71%
Kidneys
67%
Pancreas
56%
Spleen
55%
Gall Bladder
51%
No matching quizzes found
Score Distribution
Percent of People with Each Score
Percentile by Number Answered
Your Score History
You have not taken this quiz since the last reset